| 000 | 00000nam 2200000zi 4500 |
| 001 | 9.939890 |
| 003 | CaOODSP |
| 005 | 20240702072823 |
| 006 | m o d f |
| 007 | cr bn||||||||| |
| 008 | 240626t19811981oncab ob f000 0 eng d |
| 020 | |a0662114825 |q(print) |
| 040 | |aCaOODSP|beng|erda|cCaOODSP |
| 041 | 0 |aeng|beng|bfre |
| 043 | |an-cn--- |
| 086 | 1 |aEn42-1/81-2E-PDF |
| 086 | 1 |aEn46-3/81-2 |
| 100 | 1 |aJones, P. A., |eauthor. |
| 245 | 10|aChlorophenols and their impurities in the Canadian environment / |cby P.A. Jones, Environmental Impact Control Directorate, Environmental Protection Service, Environment Canada. |
| 264 | 1|aOttawa, Ontario, Canada : |bEnvironment Canada, Environmental Protection Service = Environnement Canada, Service de la protection de l'environnement, |c1981. |
| 264 | 4|c©1981 |
| 300 | |a1 online resource (xxxvi, 434 pages) : |billustrations, maps. |
| 336 | |atext|btxt|2rdacontent |
| 337 | |acomputer|bc|2rdamedia |
| 338 | |aonline resource|bcr|2rdacarrier |
| 490 | 1 |aEnvironmental Protection Service report series |
| 500 | |aIssued also in French under title: Les chlorophénols et leurs impuretés dans l'environnement canadien. |
| 500 | |a"EPS 3-EC-81-2, March 1981." |
| 500 | |a"Economic and technical review, report EPS 3-EC-81-2"--Cover. |
| 500 | |a"Environmental Impact Control Directorate, March 1981"--Cover. |
| 500 | |aDigitized edition from print [produced by Environment and Climate Change Canada]. |
| 504 | |aIncludes bibliographical references. |
| 546 | |aIncludes abstracts in English and French. |
| 650 | 0|aChlorophenols|xEnvironmental aspects|zCanada. |
| 650 | 0|aPolychlorinated dibenzodioxins|xEnvironmental aspects|zCanada. |
| 650 | 0|aPolychlorinated dibenzofurans|xEnvironmental aspects|zCanada. |
| 650 | 0|aChlorophenols|xToxicology. |
| 650 | 0|aPolychlorinated dibenzodioxins|xToxicology. |
| 650 | 0|aPolychlorinated dibenzofurans|xToxicology. |
| 710 | 1 |aCanada. |bEnvironmental Protection Service, |eissuing body. |
| 710 | 1 |aCanada. |bEnvironmental Impact Control Directorate, |eissuing body. |
| 775 | 08|tLes chlorophénols et leurs impuretés dans l'environnement canadien / |w(CaOODSP)9.939893 |
| 830 | #0|aEnvironmental Protection Service report series.|w(CaOODSP)9.866031 |
| 856 | 40|qPDF|s15.99 MB|uhttps://publications.gc.ca/collections/collection_2024/eccc/en42/En42-1-81-2-eng.pdf |